000 00361nam a2200145Ia 4500
008 230917s9999||||xx |||||||||||||| ||und||
040 _e29599
_aMAIN
041 _aEnglish
082 _a181.4 T129S
100 _aTagore, Rabindra Nath
245 0 _aSadhana: The realisation of life
260 _aLondon
_bMacmillan
_c1954
300 _axi, 164 p.
942 _cBK
999 _c80599
_d80599